000
00367nam a2200133Ia 4500
008
151001s9999||||xx |||||||||||||| ||und||
100
_a
अरुण शेवते
245
_a
तेव्हाची गोष्ट
250
_a
1
260
_b
अनघा प्रकाशन ठाणे
260
_c
2006
300
_a
136
365
_b
21
999
_c
986123
_d
986120